01550nam a2200337 a 4500001001000000003000900010005001700019008004100036020001800077040002500095110005400120245029800174250001200472260008200484300003600566500008000602700004500682700003300727700003400760700003800794700003900832700003500871700003900906700003400945700003400979700002801013700003401041942001401075952010601089999001701195000042443DO-SdBNP20250714112740.0130813s2009 dr ac 001 0 spa d a9289945443509 aDO-SdBNPbspacBNPHU2 aBanco Central de la República Dominicana98340510aPinacoteca :bcolección de obras de arte 2009 /cMarianne de Tolentino, Danilo de los Santos, Vladimir Velásquez; fotografías de las pinturas Onorio Montás, Mariano Hernández, Francisco Monosalvas, Fernando Calzada, Tiziano de Stéfano, Ricardo Briones, Luis Pena Manso, Luis Nova. a2a. ed. aSanto Domingo :bBanco Central de la República Dominicana,c2009.fSerigraf a274 p. :bil., retrs. ;c30 cm. aLas dimensiones de los cuadros de esta pinacoteca están dadas en pulgadas1 aSantos, Danilo de los,d1943-20189102781 aVelásquez, Vladimir9695951 aMontás, Onorioefot.9590421 aHernández, Marianoefot.9598751 aManosalvas, Franciscoefot.9695961 aCalzada, Fernandoefot.9695971 aStéfano, Tiziano deefot.9695981 aBriones, Ricardoefot.9298261 aPena Manso, Luisefot.9695991 aNova, Luisefot.9369951 aTolentino, Marianne de915222 2ddccLBS1 00107-18PDaPDbPDcOId2013-12-02iLF1l0o p42443-10r2020-06-25w2020-06-25yLFPDZNo se presta c41932d41932